| 000 | 00663nam a2200229 a 4500 | ||
|---|---|---|---|
| 001 | BRL_1772 | ||
| 005 | 20190320211348.0 | ||
| 008 | 290715s1975----mx-a######---#000-0#spa-# | ||
| 041 | _aspa | ||
| 044 | _amx | ||
| 050 | 4 |
_aPQ7297.T46 _b.R65 1975 |
|
| 100 | 1 |
_aRoldan, Dolores _922626 |
|
| 245 | 1 | 0 |
_aTeonanacatl _b(carnita divina) _ctextos, fotografías y dibujos de Dolores Roldan (exepto dibujo del Teonanacatl) |
| 260 |
_aMéxico _bEditorial Orion _c1975 |
||
| 300 |
_a126 p. _bil. _c24 cm. |
||
| 500 | _aAu2003 | ||
| 650 | 1 | 4 |
_aCuentos _910272 |
| 650 | 1 | 4 |
_aCuentos populares _927836 |
| 653 | 0 | _aCuentos antropológicos | |
| 902 | _aGRL | ||
| 942 |
_2lcc _cB |
||
| 999 |
_c10580 _d10580 |
||